| 000 | 01163cam a22002533a 4500 | ||
|---|---|---|---|
| 001 | 23542 | ||
| 003 | PGUSA | ||
| 005 | 20140828083513.0 | ||
| 008 | 071119s2007||||xxu|||||s|||||000 1 eng d | ||
| 040 |
_aPGUSA _beng |
||
| 042 | _adc | ||
| 050 | 4 | _aPS | |
| 100 | 1 | _aMetcalfe, Francis | |
| 245 | 1 | 0 |
_aSide Show Studies _h[electronic resource] / _cFrancis Metcalfe |
| 260 |
_bProject Gutenberg, _c2007 |
||
| 505 | 0 | _aThe liberty of Franz and the rebellion of Fuzzy Wuzzy -- The bite of a rattler and the sad fate of Big Pete -- The amorous baboon -- Feeding the serpents and a grand transformation -- The lioness skirt dance and the inconsiderate python -- The animal barometer and the eternal feminine -- Making a star lion and an interrupted temperance meeting -- Kalsomining an elephant -- The hypnotic bear and the sentimental lecturer -- The tragedy of the tigers and the power of hypnotism. | |
| 506 | _aPublic domain in the USA. | ||
| 516 | _aElectronic text | ||
| 653 | _aAmusement parks -- Fiction | ||
| 700 | 1 |
_aHerford, Oliver, _d1863-1935 |
|
| 830 | 0 |
_aProject Gutenberg _v23542 |
|
| 856 | 4 | 0 | _uhttp://www.gutenberg.org/ebooks/23542 |
| 942 | _cEB | ||
| 999 |
_c252797 _d252797 |
||